00301pab a2200121 454500008004000000100001600040245005100056260000900107300001000116362001200126650003000138773001100168180718b1988 xxu||||| |||| 00| 0 eng d aPatel, A.R. aDeveloping North - Eastern Region thro Banking c1988 a19-21 a16 Nov. aBanks - India - Northeast aYojana